000
00239nam a2200097Ia 4500
008
120527s9999 xx 000 0 und d
100
_a
COOPER,M. Goffrey
245
_a
The cell:A molecular approach 2nd edition
260
_b
ASM
942
_c
BK
999
_c
25214
_d
25214